| 000 | 00763nam a2200241 a 4500 | ||
|---|---|---|---|
| 008 | |||
| 020 | _a1899085394 (hbk.) | ||
| 049 | _aMAIN | ||
| 090 | _aG76.5.G7HAN | ||
| 245 | 0 | 0 |
_aHandbook of post-16 geography / _cedited by Andrew Powell. |
| 260 |
_aSheffield [England] : _bGeographical Association, _c1997. |
||
| 300 |
_axi, 237 p. : _bill. ; _c26 cm. |
||
| 504 | _aIncludes bibliographical references. | ||
| 500 | _aIncludes index. | ||
| 650 | 0 |
_aGeography _xStudy and teaching (Secondary) _zEngland. |
|
| 650 | 0 |
_aCurriculum planning _zEngland. |
|
| 700 | 1 | _aPowell, Andrew. | |
| 907 |
_a.b10146209 _b16-01-06 _c10-01-05 |
||
| 003 | |||
| 005 | 20230123133906.0 | ||
| 040 | _cNUST | ||
| 942 |
_cBOOKS _kG76.5.G7HAN |
||
| 999 |
_c156416 _d156416 |
||